| Tag |
First Indicator |
Second Indicator |
Subfields |
| LEADER |
00000cam a22000001a 4500 |
| 001 |
in00002163003 |
| 006 |
m e d # |
| 007 |
cr mn mmmmabba |
| 008 |
860815s1777 gau s 000 0 eng d |
| 005 |
20260331142819.4 |
| 035 |
|
|
|z w017855
|
| 035 |
|
|
|a MAAR8608151302B
|
| 035 |
|
|
|9 mwa91-14120
|
| 035 |
|
|
|a 331870
|
| 035 |
|
|
|a aas03017855
|
| 040 |
|
|
|a MWA
|c MWA
|e bdrb
|d UtOrBLW
|
| 100 |
1 |
|
|a Zubly, John Joachim,
|d 1724-1781.
|
| 245 |
1 |
0 |
|a To the Grand Jury of the County of Chatham, state of Georgia :
|b Gentlemen, On the point of being (unjustly as I conceive) banished from this country, I think it a debt due to those whom I shall leave behind, to point out the very fatal precipice towards which this state is, I think, now verging, and which, in my opinion, must soon compleat the ruin of the state, and of every individual ...
|
| 264 |
|
1 |
|a [Savannah] :
|b To be had of William Lancaster and Dr. Zubly, price 1s,
|c [1777]
|
| 300 |
|
|
|a 1 sheet (2 unnumbered pages)
|
| 336 |
|
|
|a text
|b txt
|2 rdacontent
|
| 337 |
|
|
|a computer
|b c
|2 rdamedia
|
| 338 |
|
|
|a online resource
|b cr
|2 rdacarrier
|
| 500 |
|
|
|a Signed: Savannah, October 8, 1777. J.J. Zubly.
|
| 510 |
4 |
|
|a Evans
|c 15715
|
| 530 |
|
|
|a Microform version available in the Readex Early American Imprints series.
|
| 533 |
|
|
|a Electronic text and image data.
|b [Chester, Vt. :
|c Readex, a division of Newsbank, Inc.,
|d 2002-2004.
|e Includes files in TIFF, GIF and PDF formats with inclusion of keyword searchable text.
|f (Early American imprints. First series ; no. 15715).
|
| 500 |
|
|
|a Electronic resource.
|
| 600 |
1 |
0 |
|a Zubly, John Joachim,
|d 1724-1781.
|
| 650 |
|
0 |
|a Loyalty oaths
|z Georgia.
|
| 651 |
|
0 |
|a Georgia
|x Politics and government
|y 1775-1865.
|
| 651 |
|
0 |
|a Chatham County (Ga.)
|x Politics and government.
|
| 752 |
|
|
|a United States
|b Georgia
|d Savannah.
|
| 830 |
|
0 |
|a Early American imprints.
|n Series I,
|p Evans (1639-1800) ;
|v no. 15715.
|
| 856 |
4 |
1 |
|u http://proxy.library.tamu.edu/login?url=https://opac.newsbank.com/select/evans/15715
|y Evans Digital Edition
|t 0
|
| 999 |
|
|
|a MARS
|
| 999 |
f |
f |
|s 0c4bfe12-7780-3cf7-815c-ffd5f9cde910
|i 6fdd1ed6-6264-33de-9317-d0fced67cd11
|t 0
|
| 952 |
f |
f |
|a Texas A&M University
|b College Station
|c Electronic Resources
|s www_evans
|d Available Online
|t 0
|h No information provided
|
| 998 |
f |
f |
|t 0
|l Available Online
|